00619nam a22002177a 450000500170000001000260001702000330004302000320007603500140010803500140012203700130013608200150014910000140016424500590017826000350023727000340027230000190030649000080032550000380033370000300037120230912125926.0 aENG-137940 ENG-137941 c680.00a9789355016591 Vol- 2 c865.00a9789355016584 Vol-1 aEN-121479 aEN-121472 bDBAD/PUB a0002First aJain, S.K aConceptual Chemistry/bBy S.K Jain and Shailesh K Jain aNoidabS. Chand School Books  aD-92 Sector 2 bNoidae201301 avp.c23cm(pbk) v1,2 aAs Per New Sllaybus Of NCERT/CBSE aJain, Shailesh K eAuthor